Exogenous application of phytohormones mitigates the effect of salt stress on Carica papaya plants (Registro n. 338839)
[ somente texto ]
| 000 -LÍDER | |
|---|---|
| fixed length control field | 04777nab a2200361 i 4500 |
| 003 - CÓDIGO MARC DA AGÊNCIA CATALOGADORA | |
| Campo de controle | BR-BrBNA |
| 005 - DATA E HORA DA ÚLTIMA ATUALIZAÇÃO | |
| Campo de controle | 20251028170940.0 |
| 008 - CAMPO DE TAMANHO FIXO | |
| fixed length control field | 251028b2020 bl.mr|pooa||| 00| 0 eng | |
| 040 ## - FONTE DA CATALOGAÇÃO | |
| Agência catalogadora | BR-BrBNA |
| Idioma da catalogação | eng |
| 072 ## - CATEGORIA AGRIS | |
| Código AGRIS | F60 |
| Código do objeto | 1122 |
| 072 ## - CATEGORIA AGRIS | |
| Código AGRIS | H50 |
| 100 ## - ENTRADA PRINCIPAL - NOME PESSOAL | |
| Nome pessoal | Sá, Francisco V. da S. |
| 100 ## - ENTRADA PRINCIPAL - NOME PESSOAL | |
| Nome pessoal | Brito, Marcos E. B. |
| 100 ## - ENTRADA PRINCIPAL - NOME PESSOAL | |
| Nome pessoal | Silva, Luderlândio de A. |
| 100 ## - ENTRADA PRINCIPAL - NOME PESSOAL | |
| Nome pessoal | Moreira, Rômulo C. L. |
| 100 ## - ENTRADA PRINCIPAL - NOME PESSOAL | |
| Nome pessoal | Paiva, Emanoela P. de |
| 100 ## - ENTRADA PRINCIPAL - NOME PESSOAL | |
| Nome pessoal | Souto, Lauter S. |
| 245 ## - TÍTULO PRINCIPAL | |
| Título principal | Exogenous application of phytohormones mitigates the effect of salt stress on Carica papaya plants |
| 500 ## - NOTA GERAL | |
| Nota geral | Publicação on-line; 22 ref.; 4 tables; Sumaries (En, Pt) |
| 942 ## - ADDED ENTRY ELEMENTS (KOHA) | |
| Koha item type | Analítica |
| 520 ## - NOTA DE RESUMO | |
| Nota de conteúdo | <br/><br/>ABSTRACT: The salinity has complex effects on the physiological, nutritional and hormonal interactions of plants. This study aimed to evaluate the mitigating action of exogenous application of different types and concentrations of phytohormones on Carica papaya under salt stress. The experiment was conducted in greenhouse, using a randomized block design with treatments formed from a 2 x 3 x 5 factorial scheme, relative to two concentrations of salts in the irrigation water (0.6 and 2.4 dS m-1), three types of phytohormones [Auxin = indole-3-acetic acid; Cytokinin = CPPU (N-(2-chloro-pyridyl)-N-phenylurea) and Gibberellin = gibberellic acid(AG3 )], and five concentrations of the phytohormone (0, 12.5, 25.0, 37.5 and 50.0 µM L-1), with three repetitions, totaling 90 plots, and the experimental unit consisted of six plants. C. papaya cv. ‘Sunrise Solo’ was grown on polyethylene trays of 162 cells, with capacity for 50 mL. The plants were evaluated for survival percentage and phytomass accumulation until 25 days after sowing. Increase in irrigation water salinity has deleterious effects on C. papaya plants regardless of the application of phytohormones. Exogenous application of gibberellin has a positive effect in mitigating salt stress on C. papaya plants, greater than the effects of auxins and cytokinins. Exogenous application of gibberellin and auxin at concentration of 37.5 µM L-1 mitigates the effects of salinity on C. papaya plants. Exogenous application of cytokinin at concentrations of 12.5 to 50.0 µM L-1 is not viable for C. papaya plants. <br/><br/>Key words: auxins, cytokinins, gibberellins, salinity |
| 520 ## - NOTA DE RESUMO | |
| Nota de conteúdo | <br/><br/>RESUMO: A salinidade tem efeitos complexos nas interações fisiológicas, nutricionais e hormonais das plantas. Objetivou-se avaliar a ação mitigadora da aplicação exógena de diferentes tipos e concentrações de hormônios vegetais em plantas de Carica papaya sob estresse salino. O experimento foi realizado em casa de vegetação por meio do delineamento experimental de blocos casualizados com tratamentos formados a partir de esquema fatorial 2 x 3 x 5, relativo a duas concentrações de sais na água de irrigação (0,6 e 2,4 dS m-1), três tipos de hormônios vegetais [Auxina = ácido indol-3-acético; Citocinina = CPPU (N-(2-cloro-piridil)-N- feniluréia) e Giberelina = ácido giberélico(AG3 )], e cinco concentrações do hormônio vegetal (0; 12,5; 25,0; 37,5 50,0 µM L-1), com três repetições, totalizando 90 parcelas; sendo a unidade experimental composta por seis plantas. O cultivo do C. papaya, cv. Sunrise Solo, foi realizado em bandejas de polietileno de 162 cédulas, com capacidade de 50 mL. As plântulas foram avaliadas quanto a percentagem de sobrevivência e o acúmulo de fitomassa até aos 25 dias após semeadura. O aumento da salinidade da água de irrigação exerce efeitos danosos nas plantas de C. papaya independente da aplicação de hormônios vegetais. A aplicação exógena da giberelina tem efeito positivo na mitigação do estresse salino em plântulas de C. papaya, superiores aos efeitos das auxinas e citocininas. As aplicações exógenas de giberelina e auxina na concentração de 37,5 µM L-1 mitigam os efeitos da salinidade sobre as plântulas de C. papaya. A aplicação exógena da citocinina nas concentrações de 12,5 a 50,0 µM L-1 é inviável para as plântulas de C. papaya. <br/><br/>Palavras-chave: auxinas, citocininas, giberelinas, salinidade |
| 650 ## - ASSUNTO - THESAGRO | |
| Cabeçalho tópico ou nome geográfico | MAMÃO |
| 650 ## - ASSUNTO - THESAGRO | |
| Cabeçalho tópico ou nome geográfico | HORMÔNIO VEGETAL |
| 650 ## - ASSUNTO - THESAGRO | |
| Cabeçalho tópico ou nome geográfico | FISIOLOGIA VEGETAL |
| 650 ## - ASSUNTO - THESAGRO | |
| Cabeçalho tópico ou nome geográfico | AUXINA |
| 650 ## - ASSUNTO - THESAGRO | |
| Cabeçalho tópico ou nome geográfico | SALINIDADE |
| 650 ## - ASSUNTO - THESAGRO | |
| Cabeçalho tópico ou nome geográfico | DISTÚRBIO FISIOLÓGICO |
| 650 ## - ASSUNTO - THESAGRO | |
| Cabeçalho tópico ou nome geográfico | ANÁLISE QUÍMICA |
| 773 0# - ENTRADA ANALÍTICA | |
| Host Biblionumber | 3534 |
| Registro do item | 317784 |
| Imprenta | Campina Grande-PB Universidade Federal de Campina Grande. Centro de Ciências e Tecnologia 1997 |
| Outro identificador | 2024-4505 |
| Título | Revista Brasileira de Engenharia Agrícola e Ambiental (Brazil) |
| ISSN | 1415-4366 |
| Colação | v. 24 (3) p. 170-175; (2020) |
| Número de controle de registro | BR2025002179 |
| 856 ## - ACESSO E ENDEREÇO ELETRÔNICO | |
| Identificador uniforme de recurso - URI | https://www.scielo.br/j/rbeaa/a/DDrMLp5Z6yJBJvD9Xv7qz9Q/?format=pdf&lang=en |
Nenhum exemplar disponível.

BINAGRI